00739nam a22002057a 450000500170000001000150001702000260003203500140005803700090007208200150008110000250009624500730012125000060019426000340020027000600023430000300029494200290032499900190035395201610037220251216160012.0 aENG-147341 a9788195468027c499.00 aEN-130873 bDBAD a303.440954 aNavaneethan S986122 aScience & Technology in the Development of India/cBy S Navaneethan  a1 aChennai bTamizhi Booksc2022 a20th Main Road, Anna Nager tamil NadubChennai e600040 a418p.bAppendixc28cm(pb) 2ddccENh303.440954mNAV c213950d213950 001040708NFICaZLSbZLSd2025-12-16eDelivery of Books Act Divisiong499.00l0o303.440954 NAVpEN-130873r2025-12-16 00:00:00t1v499.00w2025-12-16yEN